| 000 | 01026nam0a22002531 4500 | ||
|---|---|---|---|
| 001 | rc\4131622 | ||
| 005 | 20130415175303.3 | ||
| 035 | _a(NLR Aleph) 007985198 | ||
| 090 |
_a8544430 _c8544430 |
||
| 100 | _a20130415d1952 |||y0rusy50 ca | ||
| 101 | 0 | _arus | |
| 102 | _aRU | ||
| 105 | _aa z ||||| | ||
| 200 | 1 | _aТехнология дальневосточного агара | |
| 210 |
_aВладивосток _cПриморск. краев. изд-во _d1952 |
||
| 215 |
_a312 с. _cил. _d24 |
||
| 225 | 1 |
_aМинистерство рыбной промышленности СССР. Известия Тихоокеанского научно-исследовательского института рыбного хозяйства и океанографии _vТ. 36 |
|
| 320 | _aБиблиогр.: с. 307-310 | ||
| 700 | 1 |
_aКизеветтер _bИ. В. _f1908- _gИгорь Владимирович |
|
| 801 | 0 |
_aRU _bNLR _gpsbo |
|
| 801 | 1 |
_aRU _bELAR _2rusmarc |
|
| 852 |
_aNLR _jП7/280 |
||
| 942 | _cBOOK | ||
| 980 | _aNB | ||